Личность и художественный процесс (Запись № 890156)

Подробности
000 -МАРКЕР
контрольное поле 02544nam0a2200433 4500
001 - ИДЕНТИФИКАТОР ЗАПИСИ
контрольное поле RU\NLR\bibl\1654412
005 - ИДЕНТИФИКАТОР ВЕРСИИ
контрольное поле 20260408170708.0
010 ## - МЕЖДУНАРОДНЫЙ СТАНДАРТНЫЙ НОМЕР КНИГИ (ISBN)
Номер (ISBN) 978-5-89846-890-3
Тираж 500
021 ## - НОМЕР ГОСУДАРСТВЕННОЙ РЕГИСТРАЦИИ
Код страны Российская Федерация
Номер 2010-42682
Номер Листа государственной регистраци 2860
035 ## - ДРУГИЕ СИСТЕМНЫЕ НОМЕРА
Идентификатор записи (nilc)LIBNET\0000047046
035 ## - ДРУГИЕ СИСТЕМНЫЕ НОМЕРА
Идентификатор записи (NLR Aleph) 001645727
100 ## - ДАННЫЕ ОБЩЕЙ ОБРАБОТКИ
Данные общей обработки 20100706d2009 |||y0rusy50 ca
101 0# - ЯЗЫК РЕСУРСА
Язык текста, звукозаписи и т.д. русский
102 ## - СТРАНА ПУБЛИКАЦИИ ИЛИ ПРОИЗВОДСТВА
Страна публикации Российская Федерация
105 ## - ПОЛЕ КОДИРОВАННЫХ ДАННЫХ: ТЕКСТОВЫЕ МАТЕРИАЛЫ, МОНОГРАФИЧЕСКИЕ
Кодированные данные о монографическом текстовом документе y z |||||
200 1# - ЗАГЛАВИЕ И СВЕДЕНИЯ ОБ ОТВЕТСТВЕННОСТИ
Основное заглавие Личность и художественный процесс
Сведения, относящиеся к заглавию к 75-летию Г. С. Райшева
-- материалы научно-практической конференции, 17-18 ноября 2009
Первые сведения об ответственности [отв. ред. Н. Н. Федорова]
210 ## - ПУБЛИКАЦИЯ, РАСПРОСТРАНЕНИЕ И ДР.
Место издания, распространения и т.д. Ханты-Мансийск
Имя издателя, распространителя и т. д. Полиграфист
Дата издания, распространения и т.д. 2009
215 ## - ФИЗИЧЕСКАЯ ХАРАКТЕРИСТИКА
Специфическое обозначение материала и объем 130 с.
Размеры 22
300 ## - ОБЩИЕ ПРИМЕЧАНИЯ
Текст примечания В надзаг.: Департамент культуры и искусства Ханты-Манс. автоном. округа - Югры, галерея-мастерская худож. Г. С. Райшева, Худож. галерея Фонда поколений
300 ## - ОБЩИЕ ПРИМЕЧАНИЯ
Текст примечания На обл. подзаг. незначит. изменен
316 ## - ПРИМЕЧАНИЯ ОБ ОСОБЕННОСТЯХ ЭКЗЕМПЛЯРА
Текст примечания Принято в дар
Организация и экземпляр, к которому относится поле Свердловская ОУНБ
320 ## - ПРИМЕЧАНИЯ О НАЛИЧИИ В ДОКУМЕНТЕ БИБЛИОГРАФИИ / УКАЗАТЕЛЯ
Текст примечания Библиогр. в конце ст.
600 #1 - ИМЯ ЛИЦА КАК ПРЕДМЕТ
Начальный элемент ввода Райшев
Часть имени, кроме начального элемента ввода Г. С.
Даты 1934 - 2020
Расширение инициалов личного имени Геннадий Степанович
Формальный подзаголовок Съезды, совещания и т.п.
Системный номер авторитетной/нормативной записи 1404389
Идентификатор авторитетной/нормативной записи RU\NLR\auth\66591245
606 1# - НАИМЕНОВАНИЕ ТЕМЫ КАК ПРЕДМЕТ
Наименование темы Искусство
Формальный подзаголовок Съезды, совещания и т.п.
Хронологический подзаголовок 20 - 21 вв.
Системный номер авторитетной/нормативной записи 2404172
Идентификатор авторитетной/нормативной записи RU\NLR\auth\661432905
686 ## - ИНДЕКСЫ ДРУГИХ КЛАССИФИКАЦИЙ
Индекс 85.143(2)6-8
Издание LBC/RL
Код системы
686 ## - ИНДЕКСЫ ДРУГИХ КЛАССИФИКАЦИЙ
Индекс Щ143(2Р=Рус)7-8Райшев я431
686 ## - ИНДЕКСЫ ДРУГИХ КЛАССИФИКАЦИЙ
Индекс Щ03(0)6я431
702 #1 - ИМЯ ЛИЦА - ВТОРИЧНАЯ ОТВЕТСТВЕННОСТЬ
Код отношения Редактор
Графика поля Кириллица
Материалы, к которым относится поле rus
Начальный элемент ввода Федорова
Часть имени, кроме начального элемента ввода Н. Н.
Дополнения к именам, кроме дат художник, искусствовед
Расширение инициалов личного имени Наталья Николаевна
Системный номер авторитетной/нормативной записи 40419
Идентификатор авторитетной/нормативной записи RU\NLR\auth\7757487
702 #1 - ИМЯ ЛИЦА - ВТОРИЧНАЯ ОТВЕТСТВЕННОСТЬ
Код отношения Прочие
Графика поля Кириллица
Материалы, к которым относится поле rus
Начальный элемент ввода Райшев
Часть имени, кроме начального элемента ввода Г. С.
Дополнения к именам, кроме дат художник
Даты 1934 -
Расширение инициалов личного имени Геннадий Степанович
Системный номер авторитетной/нормативной записи 120045
Идентификатор авторитетной/нормативной записи RU\NLR\auth\7710266
711 12 - НАИМЕНОВАНИЕ ОРГАНИЗАЦИИ - АЛЬТЕРНАТИВНАЯ ОТВЕТСТВЕННОСТЬ
Начальный элемент ввода "Личность и художественный процесс", научно-практическая конференция
Место проведения временной организации Ханты-Мансийск
Дата проведения временной организации 2009
Системный номер авторитетной/нормативной записи 815190
Идентификатор авторитетной/нормативной записи RU\NLR\AUTH\8810159812
801 #0 - ИСТОЧНИК ЗАПИСИ
Страна Российская Федерация
Организация Свердловская ОУНБ
Дата составления 20100706
Правила каталогизации rcr
801 #1 - ИСТОЧНИК ЗАПИСИ
Страна Российская Федерация
Организация Свердловская ОУНБ
Дата составления 20100706
Источник данных rusmarc
801 #2 - ИСТОЧНИК ЗАПИСИ
Страна Российская Федерация
Организация NLR
Дата составления 20100709
Правила каталогизации rcr
942 ## - ДОПОЛНИТЕЛЬНЫЕ ЭЛЕМЕНТЫ ЗАПИСИ (АБИС)
Тип экземпляра АБИС Книга
980 ## - КОЛЛЕКЦИЯ
Название коллекции Национальная библиография
980 ## - КОЛЛЕКЦИЯ
Название коллекции НБР
Экземпляры
Тип экземпляра Дата поступления Источник поступления Библиотека постоянного хранения Библиотека текущего хранения Место хранения Шифр хранения Штрих-код Статус экземпляра
Книга 09.07.2010 Обязательный экземпляр РНБ (Московский) РНБ (Московский) Русский книжный фонд: издания с 1957 года 2010-5/6272 3211384  
Книга 09.07.2010 Обязательный экземпляр РНБ (Московский) РНБ (Московский) Русский книжный фонд: издания с 1957 года 2010-5/6272 3211385